|
|
|
|
| LEADER |
00000cam a2200000 a 4500 |
| 001 |
UCD3330 |
| 003 |
CL-VaPUC |
| 008 |
160603e18970000gw |||||||||||||||||lat|d |
| 082 |
0 |
4 |
|a 241
|b FRI
|2 21
|
| 100 |
0 |
|
|a Frins, Victore
|e author
|9 586753
|
| 245 |
1 |
0 |
|a De actibus humanis: ontologice et psychologice consideratis
|
| 250 |
|
|
|a 1a. ed
|
| 300 |
|
|
|a t
|
| 942 |
|
|
|c BK
|
| 945 |
|
|
|d 20160603 11:43:00
|a dcastane
|
| 260 |
|
|
|a Friburgo de Brisgovia
|b Herder
|c 1897
|
| 650 |
|
0 |
|a Teología moral
|9 256617
|
| 650 |
|
0 |
|a Conducta humana
|9 269906
|
| 583 |
|
|
|a last modification
|c 20160603 11:43:00
|k Rodrigo Vera
|
| 999 |
|
|
|c 364366
|d 364364
|
| 952 |
|
|
|0 0
|1 0
|3 erd
|4 0
|6 241_000000000000000_FRI_1897
|7 0
|8 X
|9 477462
|a BIBTEO
|b BIBTEO
|c TEO_FFR
|h t.1
|i 5234190
|o 241 FRI 1897
|p 5234190
|r 2024-01-18
|w 2019-11-24
|y BK_X
|z Catalogado en:20160603
|k OFM
|
| 952 |
|
|
|0 0
|1 0
|3 erd
|4 0
|6 241_000000000000000_FRI_1897
|7 0
|8 X
|9 477463
|a BIBTEO
|b BIBTEO
|c TEO_FFR
|h t.1
|i 5234212
|o 241 FRI 1897
|p 5234212
|r 2024-01-18
|w 2019-11-24
|y BK_X
|z Catalogado en:20160603
|k OFM
|